| 000 | 00606nam a2200205 i 4500 | ||
|---|---|---|---|
| 001 | 51191 | ||
| 003 | ES-MaACL | ||
| 005 | 20230906162321.0 | ||
| 007 | t| | ||
| 008 | 030811s1960 sp ||||1| spa d | ||
| 100 | 1 |
_aChardonne, Jacques. _938072 |
|
| 245 | 1 | 3 |
_aLa dicha de Barbezilux / _cpor Jacques Chardonne ; [versión castellana de J. Ferrer Aleu]. |
| 260 |
_aBarcelona : _bG.P., _c[1960] ( _fGuada) |
||
| 300 |
_a128 p. ; _c18 cm. |
||
| 490 | 1 | _aLibros Plaza | |
| 700 | 1 |
_aFerrer Aleu, J. _950442 |
|
| 830 | 0 |
_aLibros Plaza _9181449 |
|
| 852 |
_aES-MaACL _jC-18771 _bR.46438 |
||
| 999 |
_c51191 _d51191 |
||